Το λάδι : ήτοι : οδηγίαι περί του καλύτερου τρόπου κατασκευής του ελαιόλαδου
Αποθηκεύτηκε σε:
| Κύριος συγγραφέας: | |
|---|---|
| Μορφή: | Βιβλίο |
| Γλώσσα: | Greek |
| Δημοσίευση: |
Εν Αθήναις :
Τύποις Σφενδόνης,
1926.
|
| Σειρά: | Βιβλιοθήκη γεωργού
2 |
| Θέματα: | |
| Διαθέσιμο Online: | http://hdl.handle.net/11610/16861 |
| Ετικέτες: |
Προσθήκη ετικέτας
Δεν υπάρχουν, Καταχωρήστε ετικέτα πρώτοι!
|
MARC
| LEADER | 00000cam a2200000 a 4500 | ||
|---|---|---|---|
| 001 | 1/108616 | ||
| 008 | 150914s1926####gr | ||| |||| ||gre|| | ||
| 040 | |a GR-MyUa |b gre |c GR-MyUa |e AACR2 | ||
| 041 | 0 | |a gre | |
| 082 | 7 | |a 641.3463 |2 (23) | |
| 100 | 1 | |a Λύχνος, Νίκος Δ. | |
| 245 | 1 | 2 | |a Το λάδι : |b ήτοι : οδηγίαι περί του καλύτερου τρόπου κατασκευής του ελαιόλαδου / |c Νίκου Δ. Λύχνου. |
| 260 | |a Εν Αθήναις : |b Τύποις Σφενδόνης, |c 1926. | ||
| 300 | |a 29 σ. ; |c 23 εκ. | ||
| 490 | 1 | |a (Βιβλιοθήκη Γεωργού |v ; 2) | |
| 500 | |a Παράρτημα Γεωργικού Δελτίου Δεκεμβρίου 1926. | ||
| 500 | |a Υπάρχει ψηφιακό αντίγραφο. | ||
| 650 | 0 | |a Olive oil |z Greece. | |
| 650 | 0 | |a Olive oil industry |z Greece. | |
| 830 | 0 | |a Βιβλιοθήκη γεωργού |v 2 | |
| 852 | |a INST |b SAMOS |c PORFYRIADA |e 20150914 |h 641.3463 ΛΥΧ |p 005300042679 |q 005300042679 |t NOLOAN |y 23 | ||
| 856 | |u http://hdl.handle.net/11610/16861 | ||
| 970 | |a Σιτζίμη |b Γιασεμή |z 14/09/2015 | ||